000
00293nam a22001097a 4500
008
160520b xxu||||| |||| 00| 0 eng d
020
_a
9781885693747
041
_a
eng
080
_a
316.77
245
_a
Media relations in sport:
_c
Allan Hall; William Nichols; Patrick Moynahan;
942
_2
udc
_c
BK
999
_c
2312
_d
2312